ბათუმის შოთა რუსთაველის სახელმწიფო უნივერსიტეტის ბიბლიოთეკა

Мировая экономика (ბიბ.ჩანაწერი № 35136)

000 -LEADER
fixed length control field 00593nam a2200241Ia 4500
001 - CONTROL NUMBER
control field 978
003 - CONTROL NUMBER IDENTIFIER
control field GE_BSU
008 - FIXED-LENGTH DATA ELEMENTS--GENERAL INFORMATION
fixed length control field 181216s||||||||xx |||||||||||||| ||und||
020 ## - INTERNATIONAL STANDARD BOOK NUMBER
International Standard Book Number 5238000286
040 ## - CATALOGING SOURCE
Transcribing agency GE_BSU
080 ## - UNIVERSAL DECIMAL CLASSIFICATION NUMBER
Universal Decimal Classification number 339.(075.8)
100 ## - MAIN ENTRY--PERSONAL NAME
Personal name Ломакин,В.К.
245 ## - TITLE STATEMENT
Title Мировая экономика
245 ## - TITLE STATEMENT
Remainder of title Уч-к для студ. вуза
260 ## - PUBLICATION, DISTRIBUTION, ETC.
Place of publication, distribution, etc. Москва
260 ## - PUBLICATION, DISTRIBUTION, ETC.
Name of publisher, distributor, etc. финансы
260 ## - PUBLICATION, DISTRIBUTION, ETC.
Date of publication, distribution, etc. 1998
300 ## - PHYSICAL DESCRIPTION
Extent 727стр.
653 ## - INDEX TERM--UNCONTROLLED
Uncontrolled term Мировая экономика
653 ## - INDEX TERM--UNCONTROLLED
Uncontrolled term Экономика
942 ## - ADDED ENTRY ELEMENTS (KOHA)
Koha item type წიგნი
ეგზემპლარები
Withdrawn status Lost status Damaged status Not for loan Date acquired Barcode Date last seen Price effective from Koha item type
        2018-12-17 1005 2018-12-17 2018-12-17 წიგნი